| 000 | 00679nmm a2200265 a 4500 | ||
|---|---|---|---|
| 003 | AR-BaBNM | ||
| 005 | 20251128203132.0 | ||
| 008 | 207119s1973 ||||||||||||||000 | spa|| | ||
| 040 | _cAR-BaBNM | ||
| 100 | 1 | _aHesse, Hermann | |
| 245 | 1 | 0 |
_aEl camino difícil _by otros cuentos |
| 260 |
_aBuenos Aires _bEdiciones Librerías Fausto _c1973 |
||
| 300 | _a170 p. | ||
| 650 | 4 | _aCUENTOS | |
| 650 | 4 | _aLITERATURA ALEMANA | |
| 650 | 4 | _aESCRITORES | |
| 650 | 4 | _aFILOSOFIA LITERARIA | |
| 650 | 4 | _aNOVELAS | |
| 650 | 4 | _aLITERATURA CONTEMPORANEA | |
| 653 | _aNARRATIVA | ||
| 655 | _aLITERATURA | ||
| 700 | 1 |
_aModern, Rodolfo E. _etraductor |
|
| 942 | _cBK | ||
| 998 | _cMARTIN | ||
| 999 |
_c2065 _d2065 |
||